00548 a2200193 450000500170000001000140001702000230003103500130005403700130006708200080008010000210008824500630010925000120017226000420018427000730022630000250029965000270032470000030035120100810101119.0 aENG-99296 c120.00a8174430261 aEN-82828 bDBAD/PUB a350 aD. M. Ravi Kumar aPublic administration model answers /cby D. M. Ravi Kumar a2nd ed. aHyderabadbPrachee Publicationsc2007 a3-3-589/1/A, 2nd Floor, Opp. Arya Samaj KachigudabHyderabade500027 a136 p. c28cm.(Pbk) aPublic administoration